000 00228nam a2200085Ia 4500
008 220204s9999 xx 000 0 und d
082 _a339.564:339.562
_bEXP
245 0 _aExport and import policy for the period 1992-97
942 _cBK
999 _c43792
_d43792